Ιστορία της χερσονήσου του Μοριά κατά το μεσαίωνα : ιστορική προσπάθεια του καθηγητή Ι. Φιλ. Φαλμεράιερ

Αποθηκεύτηκε σε:
Λεπτομέρειες βιβλιογραφικής εγγραφής
Κύριος συγγραφέας: Fallmerayer, Jakob Philipp, 1790-1861
Άλλοι συγγραφείς: Σοφτζόγλου, Παντελής (Επιμελητής έκδοσης)
Μορφή: Βιβλίο
Γλώσσα:Greek
German
Δημοσίευση: Αθήνα : Μεγάλη Πορεία, c2002.
Θέματα:
Ετικέτες: Προσθήκη ετικέτας
Δεν υπάρχουν, Καταχωρήστε ετικέτα πρώτοι!

MARC

LEADER 00000cam a2200000 i 4500
001 1/30454
008 060530s2002 gr | ||| |||| ||gre||
020 |a 9608735505 
035 |l 10084152 
040 |a GR-MyUA  |b gre  |e AACR2 
041 1 |a gre  |h ger 
082 7 |a 938.3   |2 (22) 
100 1 |a Fallmerayer, Jakob Philipp,   |d 1790-1861. 
245 1 0 |a Ιστορία της χερσονήσου του Μοριά κατά το μεσαίωνα :   |b ιστορική προσπάθεια του καθηγητή Ι. Φιλ. Φαλμεράιερ /   |c Jac. Phil. Fallmerayer ; εισαγωγή-μετάφραση-πραγματολογικά Παντελής Σοφτζόγλου.  
260 |a Αθήνα :   |b Μεγάλη Πορεία,   |c c2002.  
300 |a 419 σ. ;   |c 24 εκ.  
500 |a Τίτλος πρωτοτύπου: Geschichte der halbinsel Morea wahrend des mittelalters.  
505 8 |a Μέρ. 1ο. Αφανισμός των Ελλήνων της Πελλοπονήσου και επανακατοίκιση του άδειου εδάφους απο σλαβικά φύλα.  
650 0 |a Slavs  |z Greece  |z Peloponnesus (Peninsula) 
651 0 |a Peloponnesus (Greece : Peninsula)  |x History  |x Sources. 
651 0 |a Peloponnesus (Greece : Peninsula)  |x History. 
700 1 |a Σοφτζόγλου, Παντελής,  |e edt 
852 |a INST  |b LESVOS  |e 20060530  |h 938.3 FAL  |p 005100027918  |q 005100027918  |t BK  |y 0 
901 |a BIBL1-2006-2 
920 |a ΕΠΕΑΕΚ ΚΟΙΝΩΝΙΚΗΣ ΑΝΘΡΩΠΟΛΟΓΙΑΣ  |y Λέσβος  |z 2003-06 
970 |a ΤΖΑΦΕΡΗ  |b ΕΥΑΓΓΕΛΙΑ  |z 2006/05/30